000 00877nam a2200229Ii 4500
003 JO-AjNU
008 230605s9999||||xx |||||||||||||| ||und||
017 _a2006/22658
020 _a977-322-203-9
040 _aJO-AjNU
_bara
_erda
_cJO-AjNU
041 _aara
050 1 4 _aDT80.M3 2007
100 3 _aالمقربزي، تقي الدين أبي العباس أحمد بن علي؛ دراسة وتحقيق كرم حلمي فرخات,
_eauthor
_929998
245 0 0 _aإغاثة الأمة بكشف الغمة
250 _aط1
264 3 1 _aالقاهرة: عين للدراسات والبحوث الانسانسة والاجتماعية، 2007
300 _a208ص
336 _atext
_btxt
_2rdacontent
337 _aunmediated
_bn
_2rdamedia
338 _avolume
_bnc
_2rdacarrier
650 4 _aالمجاعات - مصر - احوال اقتصادية - تاريخ
_929999
999 _aA11837
_c15405
_d15405